| 000 | 00861nas a2200277 4500 | ||
|---|---|---|---|
| 001 | BR0601374 | ||
| 003 | BR-BrBNA | ||
| 005 | 20231205105920.0 | ||
| 007 | ta | ||
| 008 | 230509b bl.|||p| |||| 00| 00por d | ||
| 040 |
_aBR-BrBNA _bpor _cBiblioteca Nacional de Agricultura |
||
| 041 | _a(Pt) | ||
| 072 | _aF03; P36 | ||
| 100 | 1 | _aSouza, P.A. de | |
| 100 | 1 | _aVenturin, N. | |
| 100 | 1 | _aGriffith, J.J. | |
| 100 | 1 | _aMartins, S.V. | |
| 245 | 1 | _aAvaliação do banco de sementes contido na serapilheira de um fragmento florestal visando recuperação de áreas degradadas | |
| 650 | _aPLANTA HERBACEA | ||
| 650 | _aSEMENTE | ||
| 650 | _aSERAPILHEIRA | ||
| 650 | _aRECUPERAÇÃO DO SOLO | ||
| 773 | 0 |
_tCerne (Brazil) _xISSN 0104-7760 _g(Jan-Mar 2006), v. 12(1) p. 56-67 _wBR0601374 |
|
| 909 |
_a202311 _bLúcia _c55 _dLúcia Elande |
||
| 942 |
_2AGRIS _n0 _cANA |
||
| 999 |
_c185341 _d185341 |
||